000
00317 a2200133 4500
005
20250523154203.0
020
_a
0-273-42680-X
082
_a
LECT 428 BAY
100
_a
BAYLEY, H.
245
_a
Quicker Reading.
260
_a
London,
_b
Pitman,
_c
1957.
300
_a
iv, 252p.: ill.; tables.
_c
21cm.
942
_2
ddc
_c
BKS
999
_c
2587
_d
2587